000 00815nam a2200133Ia 4500
008 100328s9999 xx 000 0 und d
082 _b59364
100 _aपाटील कपिल-संपा.
245 _aदेश-मुखी (मुख्यमंत्री विलासराव देशमुख यांच्या भाषणांचा संग्रह).
260 _bलोकमुद्रा.
630 _aदेश-मुखी (मुख्यमंत्री विलासराव देशमुख यांच्या भाषणांचा संग्रह).
730 _aदेश-मुखी (मुख्यमंत्री विलासराव देशमुख यांच्या भाषणांचा संग्रह).
942 _cBOOK
999 _c545598
_d545595